| 000 | 00469nam a2200193Ia 4500 | ||
|---|---|---|---|
| 008 | 210210b1995 xxu||||| |||| 00| 0 eng d | ||
| 082 | _a658.1 SINI | ||
| 100 | _aSINHA (J C) | ||
| 245 | _aIndustrial organisation and management | ||
| 260 |
_aND _bR Chand & Co. _c1995 |
||
| 300 | _avi,260 | ||
| 650 | _aorganisation | ||
| 650 | _amanagement | ||
| 650 | _aIndustrial | ||
| 650 | _aand | ||
| 690 | _aIndustrial Management | ||
| 700 | _aothers | ||
| 906 | _a052200 | ||
| 999 |
_c100611 _d100611 |
||